Rosie's price guide for Ty's Beanie Babies / (Запис № 544789)
[ простий вигляд ]
| 000 -LEADER | |
|---|---|
| fixed length control field | 01593cam a2200349Ia 4500 |
| 001 - CONTROL NUMBER | |
| control field | rosiespriceguide00well |
| 003 - CONTROL NUMBER IDENTIFIER | |
| control field | CaSfIA |
| 005 - DATE AND TIME OF LATEST TRANSACTION | |
| control field | 20210119075733.0 |
| 007 - PHYSICAL DESCRIPTION FIXED FIELD--GENERAL INFORMATION | |
| fixed length control field | cr|||| |
| 008 - FIXED-LENGTH DATA ELEMENTS--GENERAL INFORMATION | |
| fixed length control field | 971111s1997 ilua c 001 0 eng d |
| 040 ## - CATALOGING SOURCE | |
| Original cataloging agency | IDO |
| Transcribing agency | IDO |
| Modifying agency | OCLCQ |
| -- | CaSfIA |
| 020 ## - INTERNATIONAL STANDARD BOOK NUMBER | |
| International Standard Book Number | 1886812195 (softcover) : |
| Terms of availability | $11.95 |
| 020 ## - INTERNATIONAL STANDARD BOOK NUMBER | |
| International Standard Book Number | 9781886812192 (softcover) |
| 035 ## - SYSTEM CONTROL NUMBER | |
| System control number | (OCoLC)37920508 |
| 043 ## - GEOGRAPHIC AREA CODE | |
| Geographic area code | n-us--- |
| 082 04 - DEWEY DECIMAL CLASSIFICATION NUMBER | |
| Classification number | 688.724 |
| Edition number | 21 |
| 245 00 - TITLE STATEMENT | |
| Title | Rosie's price guide for Ty's Beanie Babies / |
| Medium | [electronic resource] |
| Statement of responsibility, etc | editor and collector, Rosie Wells. |
| 246 3# - VARYING FORM OF TITLE | |
| Title proper/short title | Beanie Babies |
| 260 ## - PUBLICATION, DISTRIBUTION, ETC. (IMPRINT) | |
| Place of publication, distribution, etc | Canton, IL : |
| Name of publisher, distributor, etc | Rosie Wells Enterprises, |
| Date of publication, distribution, etc | c1997. |
| 300 ## - PHYSICAL DESCRIPTION | |
| Extent | [x], 134 p. : |
| Other physical details | col. ill. ; |
| Dimensions | 22 cm. |
| 500 ## - GENERAL NOTE | |
| General note | Includes index. |
| 500 ## - GENERAL NOTE | |
| General note | "The most complete, up-to-date guide on today's market"--Cover. |
| 506 ## - RESTRICTIONS ON ACCESS NOTE | |
| Standardized terminology for access restriction | Необхідна авторизація на https://archive.org/ (створення облікового запису безкоштовно) |
| 506 ## - RESTRICTIONS ON ACCESS NOTE | |
| Standardized terminology for access restriction | Необхідна авторизація на https://openlibrary.org/ (створення облікового запису безкоштовно) |
| 610 20 - SUBJECT ADDED ENTRY--CORPORATE NAME | |
| Corporate name or jurisdiction name as entry element | Ty, Inc. |
| General subdivision | Collectibles |
| -- | Prices. |
| 650 #0 - SUBJECT ADDED ENTRY--TOPICAL TERM | |
| Topical term or geographic name as entry element | Stuffed animals (Toys) |
| Geographic subdivision | United States |
| General subdivision | Prices. |
| 650 #0 - SUBJECT ADDED ENTRY--TOPICAL TERM | |
| Topical term or geographic name as entry element | Stuffed animals (Toys) |
| General subdivision | Collectors and collecting |
| Form subdivision | Catalogs. |
| 700 1# - ADDED ENTRY--PERSONAL NAME | |
| Personal name | Wells, Rosalie J. |
| 856 41 - ELECTRONIC LOCATION AND ACCESS | |
| Uniform Resource Identifier | <a href="http://www.archive.org/details/rosiespriceguide00well">http://www.archive.org/details/rosiespriceguide00well</a> |
| Public note | Free eBook from the Internet Archive |
| 856 42 - ELECTRONIC LOCATION AND ACCESS | |
| Uniform Resource Identifier | <a href="http://www.openlibrary.org/books/OL9642317M">http://www.openlibrary.org/books/OL9642317M</a> |
| Public note | Additional information and access via Open Library |
| 942 ## - ADDED ENTRY ELEMENTS (KOHA) | |
| Koha item type | ЕКнига |
Немає доступних примірників.